The Interpretation of Quantum Mechanics
Αποθηκεύτηκε σε:
| Κύριος συγγραφέας: | |
|---|---|
| Μορφή: | Βιβλίο |
| Γλώσσα: | English |
| Δημοσίευση: |
Princeton, N.J. :
Princeton University Press,
c1994
|
| Σειρά: | Princeton series in physics
|
| Θέματα: | |
| Ετικέτες: |
Προσθήκη ετικέτας
Δεν υπάρχουν, Καταχωρήστε ετικέτα πρώτοι!
|
MARC
| LEADER | 00000nam a2200000 i 4500 | ||
|---|---|---|---|
| 001 | 1/53507 | ||
| 008 | 951026s1994 eng d | ||
| 020 | |a 0-691-03336-6 | ||
| 035 | |1 ΕΛΗ |a 1995 |b 2410 |c ΒΑΓΙΑΤΗΣ |l 10044726 | ||
| 040 | |a GR-MY-UA |b gre |e aacr | ||
| 041 | 0 | |a eng | |
| 082 | 0 | |a 530.12 | |
| 100 | 1 | |a Omnes, Roland. | |
| 245 | 1 | 4 | |a The Interpretation of Quantum Mechanics / |c Roland Omnes |
| 260 | |a Princeton, N.J. : |b Princeton University Press, |c c1994 | ||
| 300 | |a xiv, 550 p.; |b ill.; |c 24 cm. | ||
| 490 | 1 | |a Princeton series in physics | |
| 500 | |a Includes bibliographical references (p.[533]-544) and index | ||
| 650 | 0 | 0 | |a Quantum theory. |
| 830 | 0 | |a Princeton series in physics | |
| 852 | |a INST |b SAMOS |e 19951026 |h 530.12 OMN |p 005300008907 |q 005300008907 |t BK |y 0 | ||
| 901 | |a BIBL-1997-2 | ||
| 909 | |a Σ |b 050779 | ||